书目信息 |
| 题名: |
苏联劳改营内幕
|
|
| 作者: | 若宁 译述 | |
| 分册: | ||
| 出版信息: | 香港 香港朝阳出版社 1977.02 |
|
| 页数: | 150页 | |
| 开本: | 21cm | |
| 丛书名: | ||
| 单 册: | ||
| 中图分类: | C915 | |
| 科图分类: | ||
| 主题词: | 社会调查 , 社会分析 | |
| 电子资源: | ||
| ISBN: | ||
| 000 | 00515nam0 2200193 45 | |
| 001 | 0404201423 | |
| 005 | 20060428102306.15 | |
| 010 | @dCNY0.70 | |
| 100 | @a20040420d1977 km y0chiy0120 ea | |
| 101 | 0 | @achi |
| 200 | 1 | @a苏联劳改营内幕@ASu Lian Lao Gai Ying Nei Mu@f若宁译述@FRuo Ning Yi Shu |
| 210 | @a香港@c香港朝阳出版社@d1977.02 | |
| 215 | @a150页@d21cm | |
| 606 | 0 | @a社会调查 |
| 606 | 0 | @a社会分析 |
| 690 | @aC915@v3 | |
| 701 | 0 | @a若宁@4译述 |
| 801 | @aCN@bPftUser@c20060428 | |
| 905 | @f2@b59803-804@dC915@e11 | |
| 苏联劳改营内幕/若宁译述.-香港:香港朝阳出版社,1977.02 |
| 150页;21cm |
| ISBN :CNY0.70 |
| ● |
| 相关链接 |
|
|
|
|
正题名:苏联劳改营内幕
索取号:C915/11
 
预约/预借
| 序号 | 登录号 | 条形码 | 馆藏地/架位号 | 状态 | 备注 |
| 1 | 0059802 | 202302695 | 密集书库/ [索取号:C915/11] | 在馆 | |
| 2 | 0059803 | 000365660 | 密集书库/ [索取号:C915/11] | 在馆 | |
| 3 | 0059804 | 001440122 | 第一样本阅览室/ [索取号:C915/11] | 在馆 |